| 000 | 00000nam##2200000za#4500 |
| 001 | 9.646641 |
| 003 | CaOODSP |
| 005 | 20210615112543 |
| 007 | ta |
| 008 | 150407|1997||||xxc||||| f|0| 0 eng|d |
| 020 | |a0-660-17080-9 |
| 040 | |aCaOODSP|beng |
| 043 | |an-cn--- |
| 086 | 1 |aCP32-64/8-1997E |
| 110 | 1 |aCanada. |bCommission of Inquiry into the Deployment of Canadian Forces to Somalia. |
| 245 | 10|aIndependence in the prosecution of offences in the Canadian Forces: military policing and prosecutorial discretion : |ba study prepared for the Commission of Inquiry into the Deployment of Canadian Forces to Somalia / |cby James W. O'Reilly and Patrick Healy. |
| 260 | |aOttawa - Ontario : |bCommission of Inquiry into the Deployment of Canadian Forces to Somalia |c1997. |
| 300 | |aviii, 125p. : |breferences ; |c23 cm. |
| 520 | 3 |aThis study considers issues of independence and integrity with respect to policing and prosecution in the military setting. |
| 563 | |aSoftcover |
| 590 | |a97-31|b1997-08-01 |
| 690 | 07|aArmed forces|2gcpds |
| 720 | 1 |aO'Reilly, James W. |
| 720 | 1 |aHealy, Patrick |
| 775 | 08|tL'indépendance des poursuites engagées relativement à des infractions commises dans les Forces canadiennes: la police militaire et le pouvoir discrétionnaire de poursuivre : |w(CaOODSP)9.680164 |
| 776 | 0#|tIndependence in the prosecution of offences in the Canadian Forces - military policing and prosecutorial discretion : |w(CaOODSP)9.700402 |